市の名前が入る駅(北海道・東北) - Statistics

General Stats
  • This quiz has been taken 35 times
  • The average score is 170 of 219
Answer Stats
Hint Hint Answer % Correct
札幌 北海道 札幌
100%
札幌 北海道 新札幌
100%
函館 | 北斗 北海道 新函館北斗
100%
函館 北海道 函館
100%
小樽 北海道 小樽
100%
旭川 北海道 旭川
100%
旭川 北海道 新旭川
100%
室蘭 北海道 東室蘭
100%
室蘭 北海道 室蘭
100%
釧路 北海道 釧路
100%
釧路 北海道 東釧路
100%
帯広 北海道 帯広
100%
北見 北海道 北見
100%
夕張 北海道 新夕張
100%
岩見沢 北海道 岩見沢
100%
網走 北海道 網走
100%
苫小牧 北海道 苫小牧
100%
稚内 北海道 南稚内
100%
稚内 北海道 稚内
100%
美唄 北海道 美唄
100%
芦別 北海道 芦別
100%
江別 北海道 江別
100%
赤平 北海道 赤平
100%
名寄 北海道 名寄
100%
根室 北海道 根室
100%
千歳 北海道 南千歳
100%
千歳 北海道 | 千葉 千歳
100%
千歳 北海道 新千歳空港
100%
伊達 福島 伊達
100%
伊達 | 紋別 北海道 伊達紋別
97%
士別 北海道 士別
97%
滝川 北海道 滝川
97%
砂川 北海道 砂川
97%
深川 北海道 深川
97%
富良野 北海道 富良野
97%
小樽 北海道 南小樽
93%
小樽 北海道 小樽築港
93%
旭川 北海道 旭川四条
93%
帯広 北海道 西帯広
93%
名寄 北海道 名寄高校
93%
千歳 山形 羽前千歳
93%
登別 北海道 登別
93%
恵庭 北海道 恵庭
93%
北広島 北海道 北広島
93%
青森 青森 新青森
93%
青森 青森 青森
93%
弘前 青森 弘前
90%
八戸 青森 八戸
90%
八戸 青森 本八戸
90%
黒石 熊本 | 青森 黒石
90%
五所川原 青森 五所川原
90%
三沢 福岡 | 青森 三沢
90%
平川 鹿児島 平川
90%
盛岡 岩手 盛岡
90%
宮古 岩手 宮古
90%
花巻 岩手 新花巻
90%
花巻 岩手 花巻
90%
北上 岩手 北上
90%
久慈 岩手 久慈
90%
遠野 岩手 遠野
90%
釜石 岩手 釜石
90%
二戸 岩手 二戸
90%
滝沢 岩手 滝沢
90%
仙台 宮城 仙台
90%
石巻 宮城 石巻
90%
白石 北海道 | 宮城 | 熊本 白石
90%
名取 宮城 名取
90%
角田 宮城 角田
90%
岩沼 宮城 岩沼
90%
大崎 東京 大崎
90%
秋田 秋田 秋田
90%
能代 秋田 東能代
90%
能代 秋田 能代
90%
横手 秋田 横手
90%
大館 秋田 大館
90%
男鹿 秋田 男鹿
90%
湯沢 秋田 湯沢
90%
湯沢 新潟 越後湯沢
90%
山形 山形 山形
90%
山形 山形 北山形
90%
米沢 山形 米沢
90%
鶴岡 山形 鶴岡
90%
酒田 山形 酒田
90%
新庄 山形 新庄
90%
寒河江 山形 寒河江
90%
村山 山形 | 長野 村山
90%
村山 東京 東村山
90%
長井 山形 長井
90%
天童 山形 天童
90%
東根 山形 さくらんぼ東根
90%
東根 山形 東根
90%
福島 大阪 | 福島 福島
90%
会津若松 福島 会津若松
90%
郡山 奈良 | 福島 郡山
90%
いわき 福島 いわき
90%
白河 福島 新白河
90%
白河 福島 白河
90%
須賀川 福島 須賀川
90%
喜多方 福島 喜多方
90%
相馬 福島 相馬
90%
二本松 福島 二本松
90%
田村 滋賀 田村
90%
本宮 富山 | 福島 本宮
90%
北見 北海道 西北見
86%
富良野 北海道 中富良野
86%
石狩 北海道 石狩沼田
86%
五所川原 青森 津軽五所川原
86%
十和田 青森 七戸十和田
86%
八幡平 岩手 八幡平
86%
仙台 宮城 北仙台
86%
気仙沼 宮城 気仙沼
86%
白石 宮城 白石蔵王
86%
多賀城 宮城 多賀城
86%
福島 福島 南福島
86%
福島 福島 東福島
86%
釧路 北海道 釧路湿原
83%
富良野 北海道 上富良野
83%
青森 青森 東青森
83%
弘前 青森 中央弘前
83%
仙台 宮城 南仙台
83%
米沢 山形 西米沢
83%
寒河江 山形 南寒河江
83%
寒河江 山形 西寒河江
83%
花巻 岩手 花巻空港
79%
大館 秋田 東大館
79%
鹿角 秋田 鹿角花輪
79%
米沢 山形 南米沢
79%
酒田 山形 東酒田
79%
南陽 山口 新南陽
79%
福島 大阪 新福島
79%
旭川 北海道 東旭川
76%
十和田 秋田 十和田南
76%
仙台 宮城 東仙台
76%
湯沢 新潟 ガーラ湯沢
76%
新庄 山形 南新庄
76%
仙台 宮城 仙台空港
72%
大崎 宮城 東大崎
72%
大崎 宮城 西大崎
72%
郡山 奈良 近鉄郡山
72%
函館 北海道 函館どつく前
69%
旭川 秋田 泉外旭川
69%
深川 広島 上深川
69%
深川 広島 中深川
69%
深川 広島 下深川
69%
白石 宮城 東白石
69%
多賀城 宮城 国府多賀城
69%
能代 秋田 北能代
69%
千歳 東京 千歳烏山
66%
千歳 東京 千歳船橋
66%
砂川 大阪 和泉砂川
66%
白石 神奈川 武蔵白石
66%
白石 佐賀 肥前白石
66%
角田 宮城 南角田
66%
新庄 和歌山 紀伊新庄
66%
福島 長野 木曽福島
66%
札幌 北海道 東札幌
62%
仙北 岩手 仙北町
62%
山形 鳥取 恋山形
62%
新庄 奈良 大和新庄
62%
上山 山口 上山口
62%
長井 山形 南長井
62%
南陽 山形 南陽市役所
62%
函館 北海道 函館駅前
59%
新庄 大阪 上新庄
59%
新庄 大阪 下新庄
59%
八幡平 岩手 松尾八幡平
55%
大崎 東京 大崎広小路
55%
横手 埼玉 武蔵横手
55%
天童 山形 天童南
55%
盛岡 岩手 上盛岡
52%
男鹿 栃木 男鹿高原
52%
長井 宮崎 日向長井
52%
福島 宮崎 福島高松
52%
郡山 福島 郡山富田
52%
白河 東京 清澄白河
52%
八戸 大阪 八戸ノ里
48%
北上 埼玉 北上尾
48%
石巻 宮城 石巻あゆみ野
48%
砂川 東京 武蔵砂川
45%
能代 秋田 向能代
45%
湯沢 秋田 上湯沢
45%
湯沢 秋田 下湯沢
45%
福島 福島 福島学院前
45%
芦別 北海道 上芦別
41%
砂川 東京 砂川七番
38%
新庄 富山 東新庄
38%
新庄 奈良 近鉄新庄
38%
上山 奈良 二上山
38%
長井 長崎 小長井
38%
千歳 北海道 | 長崎 千歳町
34%
福島 群馬 上州福島
34%
宮古 岩手 八木沢・宮古短大
31%
大崎 岡山 美作大崎
31%
函館 北海道 函館アリーナ前
28%
砂川 秋田 小砂川
28%
福島 宮崎 福島今町
28%
平川 栃木 野州平川
24%
滝沢 秋田 西滝沢
24%
新庄 富山 新庄田中
24%
福島 広島 福島町
24%
福島 佐賀 福島口
24%
弘前 青森 弘前学院大前
21%
弘前 青森 弘前東高前
17%
白石 福島 里白石
17%
田村 広島 湯田村
17%
No matching quizzes found
Score Distribution
Percent of People with Each Score
Percentile by Number Answered
Your Score History
You have not taken this quiz